000 01014nam a22002777a 4500
005 20240530110504.0
008 150512s2004 ua ab g b 000 0 ara d
017 _a2004/5981
_bمصر . دار الكتب المصرية
020 _a9770520373
040 _aEG-CaGPL
082 0 4 _221
_a914\
_bم أ
100 0 _aمحمد عبدالغنى سعودى .
245 1 0 _aاوروبا الجديدة :
_bفى شخصية القارة و شخصية الاقاليم /
_cمحمد عبدالغنى سعودى .
260 _aالقاهرة :
_bمكتبة الانجلو المصرية ،
_c2004 .
300 _a347 ص :
_bايض ؛
_c24 سم .
651 0 4 _aاوربا
651 0 4 _aالسويد
_xتاريخ
651 0 4 _aالنرويج
_xتاريخ
651 0 4 _aهولندا
_xاوربا
651 0 4 _aبلجيكا
_xاوربا
651 0 4 _aفرنسا
_xتاريخ
651 0 4 _aاوربا
_xمناخ
651 0 4 _aاوربا
_xتاريخ
942 _2ddc
_cBK
999 _c61526
_d61526